Presidential First Names Quiz Stats

 Plays Quiz Updated Jan 20, 2021

Support Sporcle.
Go Orange.
Score 0/45 Timer 05:00
13 Plays Today
President Name % Correct
WashingtonGeorge
99.7%
AdamsJohn
97.3%
JeffersonThomas
97.3%
Quincy AdamsJohn
96.5%
LincolnAbraham
94.9%
MadisonJames
94.1%
KennedyJohn
92.2%
W. BushGeorge
91.3%
ReaganRonald
91.2%
ClintonWilliam
91.2%
H.W. BushGeorge
91%
JacksonAndrew
90.7%
RooseveltTheodore
90.7%
BidenJoe
89.7%
ObamaBarack
89.6%
TrumpDonald
89.3%
MonroeJames
89.2%
Delano RooseveltFranklin
88.9%
NixonRichard
88.4%
CarterJimmy
87.5%
EisenhowerDwight
86.4%
CoolidgeCalvin
85.4%
TrumanHarry
84.9%
President Name % Correct
ClevelandGrover
84.9%
Van BurenMartin
84%
WilsonWoodrow
83.9%
GrantUlysses
82.5%
PolkJames
81.9%
Baines JohnsonLyndon
81.5%
HooverHerbert
81.3%
BuchananJames
79.6%
FordGerald
79.2%
Henry HarrisonWilliam
79.2%
GarfieldJames
78.2%
TaftWilliam
77%
JohnsonAndrew
75.9%
FillmoreMillard
74.2%
HayesRutherford
71.5%
TylerJohn
71%
McKinleyWilliam
69.9%
ArthurChester
67.4%
PierceFranklin
65.6%
TaylorZachary
57.4%
HardingWarren
55.2%
HarrisonBenjamin
50.1%

From the Vault

30 Countries with Lots of Old People

by Booger

If you're selling warm sweaters and comfortable shoes, these countries are buying.
Remove Ads.
Support Sporcle.
Get the best of Sporcle when you Go Orange. This ad-free experience offers more features, more stats, and more fun while also helping to support Sporcle. Thank you for becoming a member.

Show Comments

Extras

Top Quizzes Today


Score Distribution

Your Account Isn't Verified!

In order to create a playlist on Sporcle, you need to verify the email address you used during registration. Go to your Sporcle Settings to finish the process.

Report this User

Report this user for behavior that violates our Community Guidelines.

Details: